000 00403nam a2200169Ia 4500
008 230524s9999 xx 000 0 und d
020 _a9780070656130
082 _a406
_bPAT
100 _aAkhileshwar Pathak
245 0 _aLegal Aspects of Business
250 _a3RD
260 _aNEW DELHI
_bMGH
_c2008
300 _aXX;573
500 _aQuantity Number: 5
650 _aManagement
942 _cBK
999 _c42508
_d42508